000 00730nam a2200217Ii 4500
003 JO-AjNU
008 230605s9999||||xx |||||||||||||| ||und||
017 _a2015/7/3217
040 _aJO-AjNU
_bara
_erda
_cJO-AjNU
041 _aara
050 1 4 _aPJ7876.A65 2015
100 3 _aزعرور، إبراهيم,
_eauthor
_956806
245 0 0 _aإرم: رواية
264 3 1 _aعمان: وزارة الثقافة، 2015
300 _a217ص
336 _atext
_btxt
_2rdacontent
337 _aunmediated
_bn
_2rdamedia
338 _avolume
_bnc
_2rdacarrier
490 0 _aمكتبة الاسرة ومهرجان القراءة للجميع، 2015
650 4 _aالادب العربي - روايات - العصر الحديث
_956807
999 _aA25419
_c28987
_d28987